| 000 | 00602cam a2200193 4500 | ||
|---|---|---|---|
| 008 | 021014n1999 mx 000 0 spa u | ||
| 020 | _a9683669670 | ||
| 035 | _aa404870 | ||
| 050 | 0 | 4 |
_aD16 _bO36 1999 |
| 100 | 1 | _aO'Gorman, Edmundo | |
| 245 | 0 | 0 |
_aHistoriología : _bTeoría y práctica / _c Edmundo O{acute}Gorman ; intro. Alvaro Matute. |
| 260 |
_aMexico _b UNAM _c1999 |
||
| 300 |
_axxx, 200 p. ; _c17 cm. |
||
| 440 | 0 |
_aBiblioteca del estudiante universitario ; _v 130 |
|
| 500 | _aRec. Prop. | ||
| 650 |
_aHistoria _xFilosofia |
||
| 700 | 1 |
_aMatute, Alvaro, _eIntro |
|
| 942 |
_2lcc _cLIB |
||
| 999 |
_c101838 _d101838 |
||